000 00866cam a22002897a 4500
003 CHAP
005 20220329140131.0
008 971013s1974 r 00010 d
010 _a47471
011 _a48443
035 _a52589
040 _cCHAP
090 _aFolleto 4358
100 0 0 _aVan Reeuwijk, L. P.
_9117797
245 1 4 _aThe thermal dehydratation of natural zeolites
260 _aWageningen :
_bVeenman & Zonen,
_c1974
300 _a88 p.
_b; gráfs. : ilus.
490 0 _aMededelingen Landbouwhogeschool
_v; 74-9
590 _aBATCH-UPD
_b10
_c20130110
_lUCH01
_h1112
590 _aCONVERSION
_b10
_c20130109
_lUCH01
_h1326
650 1 4 _aRocas.
_998161
650 1 4 _aZeolitas.
_9123909
830 0 _aMededelingen Landbouwhogeschool
_v; 74-9
_973858
901 _aBK
942 _cFOLL
949 _aFolleto 4358
_bBC
_cFOLL
_d-117055
_eTS1
_i52589
_mD
_si
999 _c47471
_d47471